Consumer behaviour and consumption patterns (Record no. 155231)

MARC details
000 -LEADER
fixed length control field 00542nam a2200193Ia 4500
003 - CONTROL NUMBER IDENTIFIER
control field OSt
005 - DATE AND TIME OF LATEST TRANSACTION
control field 20260110161931.0
008 - FIXED-LENGTH DATA ELEMENTS--GENERAL INFORMATION
fixed length control field 210423s1998 xx 000 0 und d
040 ## - CATALOGING SOURCE
Transcribing agency AL
041 ## - LANGUAGE CODE
Language code of text/sound track or separate title English
082 ## - DEWEY DECIMAL CLASSIFICATION NUMBER
Classification number 658.8342
Item number PANC
100 ## - MAIN ENTRY--PERSONAL NAME
Personal name Prabhat K Pankaj
9 (RLIN) 80540
245 ## - TITLE STATEMENT
Title Consumer behaviour and consumption patterns
260 ## - PUBLICATION, DISTRIBUTION, ETC.
Place of publication, distribution, etc. New Delhi
Name of publisher, distributor, etc. Deep and deep publication
Date of publication, distribution, etc. 1998
300 ## - PHYSICAL DESCRIPTION
Extent xi,240p.
Other physical details HB
Dimensions 22x14.5cm.
365 ## - TRADE PRICE
Price amount 430
Currency code INR
906 ## - LOCAL DATA ELEMENT F, LDF (RLIN)
a behaviour ; Consumer ; consumption ; patterns.
942 ## - ADDED ENTRY ELEMENTS (KOHA)
Source of classification or shelving scheme Dewey Decimal Classification
Koha item type Book
Holdings
Withdrawn status Lost status Source of classification or shelving scheme Damaged status Not for loan Collection code Home library Current library Date acquired Cost, normal purchase price Total Checkouts Full call number Barcode Date last seen Price effective from Koha item type
    Dewey Decimal Classification     PGDBM St Aloysius PG Library St Aloysius PG Library 11/03/2009 430.00   658.8342 PANC PG001703 08/24/2022 04/26/2021 Book